<The> Interplay between multilateral regimes as the relationship between trade and environmental rules
Náčrt rozdielov medzi obchodnými pravidlami a režimom klimatickej zmeny s dôrazom na vzájomné prekrývanie ich noriem. Charakteristika obidvoch režimov a ich vzájomná analýza.
Salvato in:
| Autore principale: | |
|---|---|
| Natura: | Capitolo di libro |
| Lingua: | inglese |
| Soggetti: | |
| Tags: |
Nessun Tag, puoi essere il primo ad aggiungerne!!
|
MARC
| LEADER | 00000naa$a2200000$$$4500 | ||
|---|---|---|---|
| 001 | 0076888 | ||
| 005 | 20231116104622.6 | ||
| 041 | 0 | |a eng | |
| 044 | |a CZ | ||
| 245 | 1 | 0 | |a <The> Interplay between multilateral regimes as the relationship between trade and environmental rules |c Jakub Krč |
| 520 | |a Náčrt rozdielov medzi obchodnými pravidlami a režimom klimatickej zmeny s dôrazom na vzájomné prekrývanie ich noriem. Charakteristika obidvoch režimov a ich vzájomná analýza. | ||
| 610 | 2 | 0 | |a obchod svetový |
| 610 | 2 | 0 | |a ochrana prostredia životného |
| 610 | 2 | 0 | |a Svetová obchodná organizácia |
| 610 | 2 | 0 | |a zmeny klimatické |
| 610 | 2 | 0 | |a manažment |
| 610 | 2 | 0 | |a politika environmentálna |
| 610 | 2 | 0 | |a politika hospodárska medzinárodná |
| 100 | 1 | |a Krč, Jakub | |